Statistics for Triple H's WrestleMania Opponents

Click here to take the quiz!

General Stats

  • This quiz has been taken 172 times
  • The average score is 23 of 28

Answer Stats

WrestleManiaOpponent% Correct
WrestleMania XXVIIIThe Undertaker
98%
WrestleMania XXVIIThe Undertaker
98%
WrestleMania X-7The Undertaker
98%
WrestleMania XXShawn Michaels
96%
WrestleMania 35Batista
94%
WrestleMania 21Batista
94%
WrestleMania XXIVJohn Cena
94%
WrestleMania 22John Cena
94%
WrestleMania 25Randy Orton
94%
WrestleMania XXIVRandy Orton
94%
WrestleMania 2000The Rock
94%
WrestleMania 33Seth Rollins
90%
WrestleMania 32Roman Reigns
89%
WrestleMania 2000Big Show
86%
WrestleMania 29Brock Lesnar
85%
WrestleMania XXXDaniel Bryan
85%
WrestleMania 34*Kurt Angle
84%
WrestleMania 31Sting
83%
WrestleMania 34*Ronda Rousey
81%
WrestleMania 2000Mick Foley
80%
Wrestlemania XXChris Benoit
79%
WrestleMania X8Chris Jericho
76%
WrestleMania XVKane
71%
WrestleMania XXVISheamus
67%
WrestleMania XIXBooker T
60%
WrestleMania XIIThe Ultimate Warrior
56%
WrestleMania XIVOwen Hart
51%
WrestleMania 13Goldust
39%

Score Distribution

Percentile by Number Answered

Percent of People with Each Score

Your Score History

You have not taken this quiz